[Event "Minsk op"]
[Site "Minsk"]
[Date "1997.??.??"]
[Round "6"]
[White "Malakhov, Vladimir"]
[Black "Galinsky, Timofey"]
[Result "1-0"]
[WhiteElo "2540"]
[BlackElo "2300"]

1.e4 e6 2.d4 d5 3.Nd2 Nf6 4.e5 Nfd7 5.f4 c5 6.c3 Nc6 7.Ndf3 cxd4 8.cxd4 Qb6
9.g3 Be7 10.Bh3 O-O 11.Ne2 f6 12.Bxe6+ Kh8 13.exf6 Bb4+ 14.Bd2 Nxf6 15.Bxc8 Bxd2+
16.Qxd2 Ne4 17.Qd3 Raxc8 18.O-O Nb4 19.Qb3 Rc2 20.Rfe1 Qb5 21.Nc3 Qd3 22.Qxb4 Kg8
23.Ne5 Qd2 24.Re2 Rc1+ 25.Rxc1 Qxc1+ 26.Kg2 Nd2 27.Nd1  1-0

[Event "Minsk op"]
[Site "Minsk"]
[Date "1997.??.??"]
[Round "7"]
[White "Volkov, Sergey"]
[Black "Malakhov, Vladimir"]
[Result "1-0"]
[WhiteElo "2480"]
[BlackElo "2540"]

1.d4 c5 2.d5 d6 3.e4 e5 4.Nc3 Be7 5.Bb5+ Nd7 6.f4 exf4 7.Bxf4 Nf6 8.Nf3 O-O
9.O-O a6 10.Bxd7 Bxd7 11.e5 dxe5 12.Nxe5 Bd6 13.a4 Qc7 14.Nxd7 Qxd7 15.a5 Rad8
16.Bxd6 Qxd6 17.Qf3 c4 18.Rfd1 Rfe8 19.h3 Qb4 20.Ra4 Qxb2 21.Rxc4 Rc8 22.Rxc8 Rxc8
23.Ne4 Nxe4 24.Qxe4 Qxc2 25.Qxc2 Rxc2 26.d6 Rc8 27.Rb1 Rb8 28.Kf2 Kf8 29.Ke3 Rd8
30.Rb6 Rd7 31.Ke4 Ke8 32.g4 Kd8 33.g5 Kc8 34.Kd5 Rd8 35.Rb4 Re8 36.Rc4+ Kd8
37.Rc7 Re3 38.Rxf7 Rxh3 39.Rxg7 Rh1 40.Rxb7 Rd1+ 41.Ke6 Re1+ 42.Kf7 Rg1 43.Kf6 Rf1+
44.Ke5 Re1+ 45.Kd4 Rd1+ 46.Kc5 Rc1+ 47.Kb6 Rd1 48.Kxa6 Rxd6+ 49.Rb6 Rd5 50.Rb5  1-0

[Event "Minsk op"]
[Site "Minsk"]
[Date "1997.??.??"]
[Round "8"]
[White "Malakhov, Vladimir"]
[Black "Tihonov, Jurij"]
[Result "1-0"]
[WhiteElo "2540"]
[BlackElo "2455"]

1.d4 d5 2.c4 Nc6 3.Nc3 dxc4 4.Nf3 Nf6 5.e3 e5 6.Bxc4 exd4 7.exd4 Bg4 8.O-O Be7
9.d5 Ne5 10.Bb5+ Ned7 11.h3 Bh5 12.g4 Bg6 13.g5 Ne4 14.Nxe4 Bxe4 15.Ne5 c6
16.dxc6 Nxe5 17.c7+ Kf8 18.cxd8=Q+ Rxd8 19.Qe2 Nf3+ 20.Kg2 Rd4 21.Qxf3  1-0

[Event "Porto San Giorgio op"]
[Site "Porto San Giorgio"]
[Date "1997.??.??"]
[Round "3"]
[White "Golubovic, Boris"]
[Black "Malakhov, Vladimir"]
[Result "1/2-1/2"]
[WhiteElo "2435"]
[BlackElo "2540"]

1.e4 c6 2.d4 d5 3.e5 Bf5 4.Nf3 e6 5.Be2 c5 6.Be3 cxd4 7.Nxd4 Ne7 8.c4 dxc4
9.Na3 Bd3 10.Nxc4 Bxc4 11.Bxc4 Qa5+ 12.Qd2 Qxd2+ 13.Kxd2 a6 14.f4 Nd7 15.Ke2 Ng6
16.Nb3 Be7 17.Rac1 Bd8 18.Rhd1 Ne7 19.g3 Rb8 20.Bf2 h5 21.Nd2 Bb6 22.Ne4 Bxf2
23.Nd6+ Kf8 24.Kxf2 Nb6 25.Bb3 Nbd5 26.f5 Rh6 27.fxe6  1/2-1/2

[Event "Porto San Giorgio op"]
[Site "Porto San Giorgio"]
[Date "1997.??.??"]
[Round "5"]
[White "Malakhov, Vladimir"]
[Black "Glek, Igor V"]
[Result "1-0"]
[WhiteElo "2540"]
[BlackElo "2505"]

1.e4 c5 2.Nf3 e6 3.c4 Nc6 4.Nc3 e5 5.d3 d6 6.Be2 Be7 7.O-O f5 8.exf5 Bxf5
9.Ne1 Nf6 10.Bf3 Qd7 11.Nc2 O-O 12.Ne3 Be6 13.Ned5 Kh8 14.Be3 Nd4 15.Bxd4 cxd4
16.Nxf6 gxf6 17.Nd5 Rg8 18.Re1 Rg7 19.a4 Rag8 20.Kf1 Bd8 21.a5 f5 22.Qe2 Bf7
23.b4 f4 24.Ra2 Qh3 25.Qxe5 Qxh2 26.Qxd4 Qh1+ 27.Ke2 Re8+ 28.Be4 Qxg2 29.Kd2 f3
30.Raa1 Bh4 31.Rf1 Bxd5 32.Bxd5 Qg5+ 33.Kc2 Re2+ 34.Kb3 Qd8 35.Qxa7 Bf6 36.Ra2 Qe8
37.Rxe2 fxe2 38.Re1 Re7 39.Be4 Rxe4 40.dxe4 Qxe4 41.Qe3 Qg6 42.Qxe2 Be5 43.f4 Qg3+
44.Qe3  1-0

[Event "Porto San Giorgio op"]
[Site "Porto San Giorgio"]
[Date "1997.??.??"]
[Round "8"]
[White "Palac, Mladen"]
[Black "Malakhov, Vladimir"]
[Result "1/2-1/2"]
[WhiteElo "2575"]
[BlackElo "2540"]

1.e4 c6 2.d4 d5 3.Nc3 dxe4 4.Nxe4 Nd7 5.Ng5 Ngf6 6.Bd3 e6 7.N1f3 Bd6 8.Qe2 h6
9.Ne4 Nxe4 10.Qxe4 Nf6 11.Qe2 Qc7 12.Bd2 b6 13.O-O-O Bb7 14.Kb1 O-O-O 15.Ba6 Bxa6
16.Qxa6+ Kb8 17.Qe2 Nd7 18.c4 Rhe8 19.Bc3 Be7 20.Rhe1 Bf6 21.Qe3 Rc8 22.Ne5 Nxe5
23.dxe5 Be7 24.Qf3 Bf8 25.Rd3 Rcd8 26.Red1 Rxd3 27.Rxd3 Rd8 28.Rxd8+ Qxd8
29.Kc2 Qd7 30.h4 b5 31.Qd3  1/2-1/2

[Event "Zepter op"]
[Site "Minsk"]
[Date "1998.04.27"]
[Round "3"]
[White "Korzubov, Peter"]
[Black "Malakhov, Vladimir"]
[Result "1/2-1/2"]
[WhiteElo "2455"]
[BlackElo "2535"]

1.e4 c5 2.Nf3 g6 3.c3 Bg7 4.d4 cxd4 5.cxd4 d5 6.e5 Bg4 7.Be2 e6 8.Nc3 Ne7
9.O-O O-O 10.Ne1 Bxe2 11.Nxe2 Nbc6 12.Nc2 Rc8 13.Ne3 Qb6 14.b3 Qa6 15.Qd2 Qa5
16.Qxa5 Nxa5 17.Bd2 Nac6 18.Rac1 f6 19.f4 fxe5 20.dxe5 Rfd8 21.Rfd1 Kf7 22.Nc2 Bf8
23.Ncd4 Nxd4 24.Nxd4 Nf5 25.Nxf5 gxf5 26.Rxc8 Rxc8 27.Rc1 Rc6 28.Kf2 Rxc1
29.Bxc1 Bc5+ 30.Kf3 h5 31.Bd2 Bd4 32.h3 Bb2 33.Ke3 Ke8 34.Kd3 Kd7 35.Be3 a6
36.b4 Kc6 37.a4 b6 38.g3 b5 39.a5 h4 40.gxh4 Kd7 41.Kc2 Ba1 42.Bf2 Ke8 43.Be3 Kf7
44.Bf2 Kg6 45.Be3 Kh6 46.Bc5 d4 47.Kd3 Bc3 48.Bf8+ Kh5 49.Be7 Kg6 50.Bc5 Be1
51.Be7 Kf7 52.Ke2 Bg3 53.Bg5 Kg6 54.Kd3 Be1 55.Be7 Bf2 56.Bg5 Kf7 57.Ke2 Be3
58.h5 Bc1 59.h6 Kg6 60.Kd1 Bb2 61.Bh4 Ba3 62.Be1 d3 63.Bc3 Kxh6 64.Kd2 Kh5
65.Kxd3 Bc1 66.Bd2 Bxd2 67.Kxd2 Kh4 68.Ke3 Kg3 69.h4 Kxh4 70.Kd4 Kg4 71.Kc5 Kxf4
72.Kd6 Ke4 73.Kxe6 f4 74.Kd6 f3 75.e6 f2 76.e7 f1=Q 77.e8=Q+ Kd4 78.Kc6 Qf6+
79.Kb7 Kc4 80.Qe4+ Kb3 81.Ka7 Ka4 82.Kb7 Qd6 83.Qb1 Qxb4 84.Qa2+ Qa3 85.Qxa3+ Kxa3
86.Kxa6 b4 87.Kb7 b3 88.a6 b2 89.a7 b1=Q+ 90.Kc7 Qc2+ 91.Kb8 Qb3+ 92.Kc7  1/2-1/2

[Event "Zepter op"]
[Site "Minsk"]
[Date "1998.04.28"]
[Round "4"]
[White "Malakhov, Vladimir"]
[Black "Soloviov, Sergei"]
[Result "1/2-1/2"]
[WhiteElo "2535"]
[BlackElo "2390"]

1.e4 c5 2.Nf3 d6 3.d4 cxd4 4.Nxd4 Nf6 5.Nc3 g6 6.Be3 Bg7 7.f3 O-O 8.Qd2 Nc6
9.Bc4 Bd7 10.O-O-O Ne5 11.Bb3 Rc8 12.h4 h5 13.Bg5 Rc5 14.Kb1 b5 15.g4 a5
16.Bxf6 Bxf6 17.gxh5 a4 18.Bd5 e6 19.hxg6 exd5 20.h5 Bg5 21.f4 Nc4 22.Qg2 Ne3
23.Qxg5 Qxg5 24.fxg5 Nxd1 25.gxf7+ Rxf7 26.Rxd1 Bg4 27.Rg1 Rf4 28.Kc1 b4
29.Nd1 Bxh5 30.Ne6 Rxe4 31.Nxc5 dxc5 32.Nf2 Re2 33.Nd3 Bg6 34.Rg3 Rh2 35.Nf4 Be4
36.Nd3 Kg7 37.Kd1 Kg6 38.Nxc5 Bxc2+ 39.Ke1 d4 40.Rg4 d3 41.Nxd3 Bxd3 42.Rxb4 Kxg5
43.Rxa4 Rxb2 44.Rd4 Bf5 45.a4 Ra2 46.Rd2 Rxa4 47.Kf2 Kf4 48.Ke2 Ra3 49.Rd4+ Be4
50.Kd2 Ra2+  1/2-1/2

[Event "Zepter op"]
[Site "Minsk"]
[Date "1998.04.29"]
[Round "5"]
[White "Tihonov, Jurij"]
[Black "Malakhov, Vladimir"]
[Result "0-1"]
[WhiteElo "2400"]
[BlackElo "2535"]

1.d4 d5 2.c4 e6 3.Nc3 c6 4.Nf3 dxc4 5.e3 b5 6.a4 Bb4 7.Bd2 a5 8.axb5 Bxc3
9.Bxc3 cxb5 10.b3 Bb7 11.bxc4 b4 12.Bb2 Nf6 13.Bd3 Nbd7 14.O-O O-O 15.Nd2 Re8
16.Qc2 e5 17.f3 Qc7 18.Rfc1 h6 19.c5 Bc6 20.Nc4 exd4 21.Bxd4 Nd5 22.Nb6 Rad8
23.Bc4 Nxe3 24.Bxf7+ Kxf7 25.Qb3+ Kf8 26.Bxe3 Ne5 27.Rd1 Rxd1+ 28.Qxd1 Nxf3+
29.gxf3 Rxe3 30.Nd5 Bxd5 31.Qxd5 b3 32.c6 b2 33.Rb1 Re2 34.f4 Qa7+ 35.Kh1 Qf2
36.Qf5+ Ke7 37.Qd7+ Kf6 38.Qd6+ Kf5 39.Qd7+ Ke4 40.Qe6+ Kd4 41.Rd1+ Kc3 42.Qh3+ Kb4  0-1

[Event "Zepter op"]
[Site "Minsk"]
[Date "1998.04.30"]
[Round "6"]
[White "Malakhov, Vladimir"]
[Black "Chernuschevich, Alexei"]
[Result "1-0"]
[WhiteElo "2535"]
[BlackElo "2435"]

1.e4 c5 2.Nf3 e6 3.c4 d6 4.d4 cxd4 5.Nxd4 a6 6.Nc3 Nf6 7.Be2 Nbd7 8.Be3 Qc7
9.Rc1 b6 10.O-O Bb7 11.f3 Be7 12.Qd2 O-O 13.Rfd1 Rac8 14.Bf1 Rfd8 15.Qf2 Re8
16.h3 Qb8 17.Kh1 Bd8 18.b4 Bc7 19.Nb3 Kh8 20.Na4 Bc6 21.Nc3 Qa8 22.a4 Bb7
23.a5 bxa5 24.Nxa5 Bxa5 25.bxa5 Rc6 26.Na2 Qd8 27.Rb1 Ba8 28.Nb4 Rc8 29.Rxd6 Qxa5
30.Rxa6 Qh5 31.Rc1 Nc5 32.Bxc5 Rxc5 33.Nd5 Nd7 34.Nb6 Nxb6 35.Rxb6 Rec8 36.Rcb1 Qe5
37.R6b5 h6 38.Rxc5 Rxc5 39.Rb5 Rxb5 40.cxb5 Qc7 41.Qd4 Kg8 42.b6 Qc8 43.Qd6 Bb7
44.Kh2 Qf8 45.Qc7 Qc8 46.Qxc8+ Bxc8 47.e5 f5 48.f4  1-0

[Event "Zepter op"]
[Site "Minsk"]
[Date "1998.05.01"]
[Round "7"]
[White "Kovalev, Andrei"]
[Black "Malakhov, Vladimir"]
[Result "0-1"]
[WhiteElo "2440"]
[BlackElo "2535"]

1.e4 c5 2.Nf3 g6 3.d4 Bg7 4.d5 Nf6 5.Nc3 d6 6.Bb5+ Bd7 7.a4 O-O 8.h3 Na6
9.O-O Nc7 10.Bxd7 Qxd7 11.Bf4 Rad8 12.Qd2 e6 13.dxe6 Nxe6 14.Bh2 d5 15.exd5 Nxd5
16.Rad1 Bxc3 17.bxc3 Qxa4 18.Qh6 f6 19.Ra1 Qxc2 20.Rfe1 Rfe8 21.Rxa7 Ng5
22.Rxe8+ Rxe8 23.Bg3 Qc1+  0-1

[Event "Lunigiana op"]
[Site "Lunigiana"]
[Date "1998.??.??"]
[Round "?"]
[White "Mrdja, Milan"]
[Black "Malakhov, Vladimir"]
[Result "0-1"]
[WhiteElo "2380"]
[BlackElo "2535"]

1.e4 c5 2.Nf3 g6 3.d4 Bg7 4.Nc3 cxd4 5.Nxd4 Nc6 6.Be3 Nf6 7.Bc4 O-O 8.Bb3 d6
9.h3 Na5 10.Qd2 Nxb3 11.axb3 Bd7 12.f3 Qb8 13.Bh6 Bxh6 14.Qxh6 d5 15.O-O-O e5
16.Nf5 Bxf5 17.exf5 d4 18.Ne4 Nxe4 19.fxe4 Qd6 20.h4 Qc6 21.h5 gxf5 22.Qg5+ Kh8
23.Qxf5 f6 24.Rhf1 a5 25.Rf3 b5 26.h6 b4 27.Rdf1 Rf7 28.Rg3 a4 29.bxa4 Rxa4
30.Kd2 Raa7 31.Rf2 Ra8 32.Kd1 Ra1+ 33.Kd2 Ra6 34.Rgf3 Qc5 35.Rf1 Rc6 36.Rc1 Qf8
37.Qh5 Qg8 38.g4 Rfc7 39.Rxf6 Rxf6 40.Qxe5 Rc6 41.Rf1 Re6  0-1

[Event "Cappelle op"]
[Site "Cappelle la Grande"]
[Date "1999.02.15"]
[Round "3"]
[White "Carlier, Bruno"]
[Black "Malakhov, Vladimir"]
[Result "0-1"]
[WhiteElo "2415"]
[BlackElo "2557"]

1.Nf3 g6 2.e4 Bg7 3.d4 c5 4.c3 cxd4 5.cxd4 d5 6.exd5 Nf6 7.Nc3 O-O 8.Bc4 Nbd7
9.O-O Nb6 10.Bb3 Nbxd5 11.Re1 e6 12.Ne5 Qd6 13.Qf3 Bd7 14.Nxd5 Nxd5 15.Bxd5 exd5
16.Bf4 Bc8 17.Rac1 Qb6 18.Qc3 Bf5 19.b3 Rfc8 20.Qd2 Bf8 21.g4 Be6 22.Bg5 Ba3
23.Rxc8+ Rxc8 24.Bf6 Qb4 25.Qe3 Qc3 26.Nd3 Bxg4 27.b4 Qc6 28.Be7 Bf5 29.Nf4 Bc1
30.Qe5 Be4 31.Bf6 Bd2 32.Rd1 Qc1 33.Rf1  0-1

[Event "Cappelle op"]
[Site "Cappelle la Grande"]
[Date "1999.02.18"]
[Round "6"]
[White "Malakhov, Vladimir"]
[Black "Kveinys, Aloyzas"]
[Result "1-0"]
[WhiteElo "2557"]
[BlackElo "2502"]

1.e4 c5 2.Nf3 e6 3.c4 Nc6 4.Nc3 Nd4 5.d3 Ne7 6.g3 Nec6 7.Bg2 g6 8.O-O Nxf3+
9.Bxf3 Bg7 10.Be3 d6 11.Qd2 O-O 12.Bg2 Rb8 13.Rab1 a6 14.f4 f5 15.a3 Nd4
16.b4 Qc7 17.bxc5 dxc5 18.e5 Rd8 19.Qb2 Bf8 20.Rfc1 b6 21.a4 Nc6 22.Nd5 exd5
23.cxd5 Be6 24.dxe6 Rxd3 25.Bf2 Be7 26.g4 fxg4 27.Be4 Rh3 28.Bg2 Rd3 29.Qe2 Rbd8
30.Qxg4 Nd4 31.Rb2 Nf5 32.Be4 Nh6 33.Qe2 Rh3 34.Qxa6 Bh4 35.Kg2 Bxf2 36.Kxh3 Be3
37.Rf1 Qe7 38.Qxb6 Rf8 39.Qd6  1-0

[Event "MK Cafe Cup-A"]
[Site "Koszalin"]
[Date "1999.08.04"]
[Round "2"]
[White "Malakhov, Vladimir"]
[Black "Zezulkin, Jurij"]
[Result "1-0"]
[WhiteElo "2570"]
[BlackElo "2478"]

1.e4 c5 2.Nf3 Nc6 3.Bb5 d6 4.O-O Bd7 5.Re1 Nf6 6.c3 a6 7.Bf1 Bg4 8.d3 e6
9.Nbd2 Be7 10.h3 Bh5 11.g4 Bg6 12.Nh4 d5 13.f4 dxe4 14.dxe4 Nd7 15.Nxg6 hxg6
16.Nc4 Qc7 17.e5 Rd8 18.Qf3 b5 19.Bg2 Ncb8 20.Nd2 c4 21.Ne4 Nc5 22.Be3 Nd3
23.Re2 Nd7 24.b4 Nb6 25.Bxb6 Qxb6+ 26.Kh2 Qc7 27.Rf1 Rd5 28.g5 Rd8 29.Qe3 a5
30.a3 O-O 31.Qg3 Rfe8 32.h4 Kh7 33.Qg4 Rh8 34.Ng3 Kg8 35.Kh3 Qa7 36.Be4 axb4
37.axb4 Qa3 38.Rc2 Qb3 39.Qe2 Rc8 40.Kg4 Bd8 41.Bxd3 cxd3 42.Qxd3 Be7 43.Rff2 Bxb4
44.Qxb5 Rxc3 45.Rxc3 Qxc3 46.Qe8+ Kh7 47.Qxf7 Rf8 48.Qxe6 Qd4 49.Qa2 Be1
50.Rf3 Bxg3 51.Kxg3 Ra8 52.Qf2 Qd5 53.Qe1 Ra6 54.Qb1 Kh8 55.Rd3 Qa8 56.Qd1 Kh7
57.h5 Ra1 58.hxg6+ Kxg6 59.Rd6+ Kf7 60.e6+ Ke8 61.Qh5+  1-0

[Event "MK Cafe Cup-A"]
[Site "Koszalin"]
[Date "1999.08.10"]
[Round "7"]
[White "Pigusov, Evgeny"]
[Black "Malakhov, Vladimir"]
[Result "1-0"]
[WhiteElo "2609"]
[BlackElo "2570"]

1.Nf3 c5 2.c4 g6 3.d4 Bg7 4.e4 Qa5+ 5.Nc3 Nf6 6.Bd2 cxd4 7.Nxd4 O-O 8.Nc2 Nc6
9.Be2 d6 10.O-O Qd8 11.Be3 a5 12.Qd2 Re8 13.f3 Be6 14.b3 Nd7 15.Rac1 Nc5
16.Nd5 Ne5 17.Nd4 Bd7 18.Rfd1 f6 19.Rb1 Nf7 20.a3 f5 21.exf5 gxf5 22.Nb5 Rc8
23.Ndc3 Ne6 24.f4 Nf8 25.Bf3 Bc6 26.Qf2 Nd7 27.Na4 Kh8 28.Bh5 Kg8 29.Nd4 e6
30.Nxc6 Rxc6 31.Bf3 Rc7 32.Qd2 Qa8 33.Nc3 Bxc3 34.Qxc3 Qa6 35.a4 Nc5 36.Kh1 e5
37.Bd5 Ne6 38.Rf1 Ng7 39.Bd2 b6 40.Qg3 Kf8 41.Bc3 Rce7 42.Qh4 h6 43.Bb2 Qc8
44.fxe5 dxe5 45.Ba3 Qc7 46.Qf6  1-0

[Event "MK Cafe Cup-A"]
[Site "Koszalin"]
[Date "1999.08.11"]
[Round "8"]
[White "Malakhov, Vladimir"]
[Black "Degraeve, Jean Marc"]
[Result "1-0"]
[WhiteElo "2570"]
[BlackElo "2542"]

1.e4 c5 2.Nf3 Nc6 3.Bb5 d6 4.O-O Bd7 5.Re1 a6 6.Bf1 Bg4 7.d3 g6 8.Nbd2 Bg7
9.h3 Bxf3 10.Nxf3 Nf6 11.c3 O-O 12.a3 Nd7 13.Rb1 b5 14.d4 c4 15.b3 cxb3 16.Qxb3 Nb6
17.d5 Na5 18.Qb4 Na4 19.Nd4 Rc8 20.Re3 Rc5 21.Rg3 Qc7 22.Bd2 Rc8 23.Re1 Nxc3
24.Nf5 Bf6 25.Nh6+ Kf8 26.Rf3 Nb7 27.Rxf6 exf6 28.Qd4 Qe7 29.Ng4 Rc4 30.Bxc4 Rxc4
31.Nxf6 Qd8 32.Bh6+ Ke7 33.Qe3 Qc7 34.e5 dxe5 35.Bg5 h6 36.d6+ Qxd6 37.Ne4+ hxg5
38.Nxd6 Nxd6 39.Qxe5+  1-0

[Event "MK Cafe Cup-A"]
[Site "Koszalin"]
[Date "1999.08.12"]
[Round "9"]
[White "Malakhov, Vladimir"]
[Black "Sherbakov, Ruslan"]
[Result "1/2-1/2"]
[WhiteElo "2570"]
[BlackElo "2541"]

1.e4 c5 2.Nf3 d6 3.d4 cxd4 4.Nxd4 Nf6 5.Nc3 Nc6 6.Bg5 e6 7.Qd2 Be7 8.O-O-O O-O
9.f4 Nxd4 10.Qxd4 Qa5 11.Bc4 Bd7 12.e5 dxe5 13.fxe5 Bc6 14.Bd2 Nd7 15.Nd5 Qd8
16.Nxe7+ Qxe7 17.Rhe1 Rfd8 18.Qg4 Nf8 19.Bd3 Rxd3 20.cxd3 Qd7 21.Bb4 Ng6
22.Rd2 Bd5 23.Kb1 Bxa2+ 24.Kxa2 Qa4+ 25.Kb1 a5 26.Qc4 axb4 27.Re4 Ne7 28.Qxb4 Qa1+
29.Kc2 Nd5 30.Qxb7 h6 31.Rd1 Qa5 32.Rc1 Ra7 33.Qc8+ Kh7 34.Kd1 Qb5 35.Qc2 Rb7
36.Ke2 Qxb2 37.Qxb2 Rxb2+ 38.Kf3 Rd2 39.d4 g5 40.h4 Kg6 41.hxg5 hxg5 42.Rc4 Rd3+
43.Kf2 Kf5 44.Re1 g4 45.Kg1 g3 46.Rf1+ Ke4 47.Rcc1  1/2-1/2

[Event "ch-RUS KO"]
[Site "Moscow RUS"]
[Date "1999.12.16"]
[Round "1.2"]
[White "Shchekachev,A"]
[Black "Malakhov,V"]
[Result "1-0"]
[WhiteElo "2505"]
[BlackElo "2570"]

1.e4 c5 2.Nf3 g6 3.d4 Bg7 4.c4 Qa5+ 5.Nc3 Nf6 6.Bd2 cxd4 7.Nxd4 O-O 8.Nc2 d6
9.Be2 Be6 10.O-O Rc8 11.b3 Nc6 12.Kh1 Nd7 13.Qe1 Qd8 14.f4 Nc5 15.b4 Bxc3
16.Bxc3 Nxe4 17.Bb2 a5 18.b5 Nb4 19.Nd4 Nc5 20.Nxe6 Nxe6 21.Qd2 d5 22.a3 dxc4
23.Qc3 f6 24.axb4 axb4 25.Qxb4 Rxa1 26.Bxa1 Qc7 27.Bg4 Kf7 28.f5 gxf5 29.Bxf5 Rd8
30.Qe1 Nf8 31.Qe4 Qc5 32.Qb1 Rd6 33.Be4 b6 34.h3 Kg7 35.Bc3 Re6 36.Bc6 Re3
37.Bb4 Qh5 38.Qc1  1-0

[Event "16th open"]
[Site "Cappelle La Grande FRA"]
[Date "2000.02.21"]
[Round "3"]
[White "Malakhov,V"]
[Black "Bouaziz,S"]
[Result "1-0"]
[WhiteElo "2593"]
[BlackElo "2371"]

1.e4 c5 2.Nf3 d6 3.d4 cxd4 4.Nxd4 Nf6 5.Nc3 a6 6.Be2 e5 7.Nb3 Be7 8.O-O O-O
9.Kh1 Be6 10.f4 exf4 11.Bxf4 Nc6 12.Nd4 Nxd4 13.Qxd4 Qc7 14.Rad1 Rfd8 15.Rd2 Rac8
16.Rfd1 Ne8 17.Nd5 Bxd5 18.Qxd5 Bf6 19.c3 Qe7 20.Bg4 Rb8 21.Bf3 Rbc8 22.Bg3 Rc5
23.Qxc5 dxc5 24.Rxd8 Qxd8 25.Rxd8 Bxd8 26.e5 b6 27.Kg1 Kf8 28.Kf2 Bg5 29.Bb7 Nc7
30.Kf3 Bc1 31.b4 Ba3 32.Be1 Ke7 33.Ke4 Kd7 34.Bd2 h6 35.g4 Ke6 36.h4 Kd7
37.h5 cxb4 38.cxb4 Ke7 39.Kf5  1-0

[Event "16th open"]
[Site "Cappelle La Grande FRA"]
[Date "2000.02.23"]
[Round "6"]
[White "Murey,J"]
[Black "Malakhov,V"]
[Result "1-0"]
[WhiteElo "2487"]
[BlackElo "2593"]

1.e4 c5 2.Nf3 d6 3.d4 cxd4 4.Nxd4 Nf6 5.Nc3 Nc6 6.Bg5 e6 7.Qd2 a6 8.O-O-O Be7
9.f4 Nxd4 10.Qxd4 b5 11.h4 Bb7 12.Rh3 Qc7 13.Bxf6 gxf6 14.a4 bxa4 15.Qxa4+ Bc6
16.Qc4 Qb6 17.f5 Bd7 18.Qa2 Bf8 19.Kb1 Bh6 20.fxe6 fxe6 21.Bb5 Ke7 22.Bxd7 Kxd7
23.Na4 Qa7 24.e5 fxe5 25.Qa3 Bf8 26.Nc5+ Ke8 27.Nxe6 Qd7 28.Qf3 Rc8 29.Qf6 Rg8
30.Rf3 Qa4 31.Qf7+  1-0

[Event "16th open"]
[Site "Cappelle La Grande FRA"]
[Date "2000.02.24"]
[Round "7"]
[White "Malakhov,V"]
[Black "Koerholz,L"]
[Result "1-0"]
[WhiteElo "2593"]
[BlackElo "2395"]

1.e4 c5 2.Nf3 d6 3.d4 cxd4 4.Nxd4 Nf6 5.Nc3 g6 6.Be3 Bg7 7.f3 O-O 8.Qd2 Nc6
9.Bc4 Bd7 10.O-O-O Rc8 11.Bb3 Ne5 12.Bg5 Nc4 13.Bxc4 Rxc4 14.e5 Ne8 15.Nd5 f6
16.exf6 Nxf6 17.Qe2 Rc5 18.Ne6 Bxe6 19.Qxe6+ Kh8 20.Bxf6 Bxf6 21.Rhe1 Bg5+
22.Kb1 Qc8 23.Qxc8 Rfxc8 24.f4 Bf6 25.c3 Rf8 26.Nxf6 Rxf6 27.Rxe7 Rb5 28.a4 Rb6
29.Rd4 a6 30.a5 Rb5 31.Rc4 Rc5 32.Rb4 Rxf4 33.Rxf4  1-0

[Event "Olympic Capital Young Masters g/5"]
[Site "Lausanne SUI"]
[Date "2000.05.31"]
[Round "1.6"]
[White "De Vreugt,D"]
[Black "Malakhov,V"]
[Result "0-1"]
[WhiteElo "2498"]
[BlackElo "2593"]

1.e4 c5 2.Nf3 g6 3.d4 Bg7 4.d5 Nf6 5.Nc3 O-O 6.e5 Ne8 7.h4 d6 8.e6 fxe6 9.h5 gxh5
10.Ng5 exd5 11.Nxh7 Kxh7 12.Qxh5+ Kg8 13.Qh7+ Kf7 14.Bd3 Rg8 15.Nxd5 e6 16.Qh5+ Kf8
17.Bg5 Nf6 18.Nxf6 Bxf6 19.Qh6+ Kf7 20.Qh7+ Kf8 21.Bh6+ Bg7 22.Rh3 Nd7 23.Rf3+ Nf6
24.g4 Qe7 25.g5 Bxh6 26.Qxh6+ Qg7 27.Rxf6+ Ke7 28.Rg6 Qxh6 29.gxh6 Bd7 30.Ke2 Rxg6
31.Bxg6 Rh8 32.h7 Be8 33.Bd3 Kf6 34.Rg1 Bf7 35.Rg3 d5 36.f4 c4 37.Bxc4 dxc4
38.Ke3 Rxh7 39.Kd4 Rh4 40.Rf3 e5+ 41.Kc5 Rxf4 42.Re3 e4 43.Kd4 Rf3  0-1

[Event "Olympic Capital Young Masters"]
[Site "Lausanne SUI"]
[Date "2000.06.01"]
[Round "2.1"]
[White "Malakhov,V"]
[Black "Grischuk,A"]
[Result "1/2-1/2"]
[WhiteElo "2593"]
[BlackElo "2581"]

1.c4 e6 2.Nf3 d5 3.b3 Nf6 4.g3 c5 5.Bg2 Nc6 6.O-O Be7 7.cxd5 exd5 8.d4 Ne4
9.Bb2 Bf6 10.h3 O-O 11.e3 Bf5 12.Ne5 cxd4 13.Nxc6 bxc6 14.Bxd4 c5 15.Bxf6 Qxf6
16.Nd2 Nc3 17.Qf3 Qg6 18.Kh2 Rae8 19.Rfe1 d4 20.e4 Qh6 21.exf5 Qxd2 22.Rxe8 Rxe8
23.Qc6 Rf8 24.Qxc5 d3 25.f6 gxf6 26.Qd4 Qb2 27.Qxf6 Qxa1 28.Qg5+  1/2-1/2

[Event "Olympic Capital Young Masters"]
[Site "Lausanne SUI"]
[Date "2000.06.02"]
[Round "2.2"]
[White "Grischuk,A"]
[Black "Malakhov,V"]
[Result "1-0"]
[WhiteElo "2581"]
[BlackElo "2593"]

1.e4 d5 2.exd5 Nf6 3.Nf3 Nxd5 4.d4 g6 5.c4 Nb6 6.Nc3 Bg7 7.Be3 O-O 8.h3 Nc6
9.Qd2 e5 10.d5 Na5 11.b3 e4 12.Nd4 f5 13.Bg5 Qe8 14.O-O-O c5 15.Nde2 Naxc4
16.bxc4 Nxc4 17.Qc2 Ne5 18.d6 Nd3+ 19.Rxd3 exd3 20.Qxd3 f4 21.Be7 Rf7 22.Qc4 b5
23.Nxb5 Rb8 24.Nec3 Rb7 25.Nd5 a6 26.Nbc7 Qc6 27.Bd3 Bb2+ 28.Kd1 Kg7 29.Re1 Bd4
30.Re4 Bd7 31.Rxd4 cxd4 32.Ne6+ Kg8 33.Nf6+ Kh8 34.Nc5  1-0

[Event "Olympic Capital Young Masters"]
[Site "Lausanne SUI"]
[Date "2000.06.03"]
[Round "3.1"]
[White "Malakhov,V"]
[Black "Galkin,A"]
[Result "0-1"]
[WhiteElo "2593"]
[BlackElo "2566"]

1.e4 c6 2.d4 d5 3.e5 Bf5 4.Nc3 e6 5.g4 Bg6 6.Nge2 Ne7 7.Nf4 c5 8.h4 cxd4
9.Nb5 Nec6 10.h5 Be4 11.f3 a6 12.fxe4 axb5 13.exd5 exd5 14.h6 Nd7 15.e6 fxe6
16.Nxe6 Qe7 17.Qe2 Nde5 18.hxg7 Bxg7 19.Nxg7+ Qxg7 20.Bh6 Qe7 21.Rh5 Rg8
22.a3 b4 23.Bh3 Rg6 24.a4 d3 25.cxd3 Rxh6  0-1

[Event "Olympic Capital Young Masters"]
[Site "Lausanne SUI"]
[Date "2000.06.04"]
[Round "3.2"]
[White "Galkin,A"]
[Black "Malakhov,V"]
[Result "0-1"]
[WhiteElo "2566"]
[BlackElo "2593"]

1.Nf3 c5 2.c3 d5 3.d4 e6 4.Bf4 Nc6 5.e3 Nf6 6.h3 Be7 7.Nbd2 O-O 8.Bd3 c4
9.Bc2 b5 10.a3 Bb7 11.O-O a5 12.Ne5 b4 13.Ba4 Nxe5 14.dxe5 Ne4 15.Nxe4 dxe4
16.axb4 axb4 17.cxb4 Bxb4 18.Qd4 Qxd4 19.exd4 c3 20.bxc3 Bxc3 21.Rab1 Rxa4
22.Rxb7 Bxd4 23.Re1 h6 24.Re2 g5 25.Bg3 Ra1+ 26.Kh2 Rc8 27.h4 gxh4 28.Bf4 Rf1
29.Rxe4 Bxf2 30.Bxh6 Bg3+ 31.Kh3 Rc5 32.Be3 Rxe5 33.Rxe5 f5 34.Rb8+ Kf7 35.Rb7+ Kf6  0-1

[Event "Olympic Capital Young Masters g/5"]
[Site "Lausanne SUI"]
[Date "2000.06.04"]
[Round "3.5"]
[White "Galkin,A"]
[Black "Malakhov,V"]
[Result "1/2-1/2"]
[WhiteElo "2566"]
[BlackElo "2593"]

1.Nf3 d5 2.d4 c6 3.c4 e6 4.Bg5 f6 5.Bf4 f5 6.Nc3 Nf6 7.e3 Bd6 8.Bxd6 Qxd6
9.Qc2 O-O 10.Ne5 Nbd7 11.f4 Ne4 12.Bd3 Nxc3 13.Qxc3 Nxe5 14.fxe5 Qe7 15.O-O Bd7
16.b4 Rfc8 17.a3 Be8 18.Rab1 b5 19.cxb5 cxb5 20.Qd2 Qb7 21.Rfc1 Rxc1+ 22.Rxc1 Rc8
23.Rc3 Rxc3 24.Qxc3 Qc6 25.Qxc6 Bxc6  1/2-1/2

[Event "4th Open"]
[Site "Genova ITA"]
[Date "2000.08.08"]
[Round "2"]
[White "Bertazzo,G"]
[Black "Malakhov,V"]
[Result "0-1"]
[WhiteElo "2067"]
[BlackElo "2605"]

1.e4 c5 2.Nf3 g6 3.d3 Bg7 4.g3 Nc6 5.Bg2 e5 6.c3 Nge7 7.O-O O-O 8.a3 d5 9.b4 cxb4
10.axb4 b5 11.Na3 Rb8 12.Bb2 h6 13.Re1 Be6 14.Nc2 Qb6 15.Qe2 Rfd8 16.Red1 d4
17.cxd4 exd4 18.Nd2 a5 19.bxa5 Nxa5 20.Ba3 Nec6 21.Rab1 Bf8 22.Bxf8 Rxf8
23.Rdc1 b4 24.Na3 Nb3 25.Nxb3 bxa3 26.Nd2 Qa6 27.Ra1 Rb2 28.Bf1 Nb4  0-1

[Event "4th Open"]
[Site "Genova ITA"]
[Date "2000.08.09"]
[Round "3"]
[White "Malakhov,V"]
[Black "Castelfranchi,C"]
[Result "1-0"]
[WhiteElo "2605"]
[BlackElo "2212"]

1.e4 Nf6 2.e5 Nd5 3.d4 d6 4.Nf3 Bg4 5.Be2 e6 6.O-O Be7 7.h3 Bh5 8.c4 Nb6
9.exd6 cxd6 10.Nc3 O-O 11.b3 d5 12.c5 Bxf3 13.Bxf3 Nc8 14.b4 a6 15.Rb1 Bf6
16.Ne2 Nc6 17.a4 N8e7 18.b5 Na5 19.Ng3 g6 20.Bf4 Nc4 21.Be2 axb5 22.axb5 e5
23.Bh6 Re8 24.Bxc4 dxc4 25.Qf3 Bh8 26.dxe5 Bxe5 27.Qxb7 Bxg3 28.fxg3 Qd4+
29.Kh1 Qxc5 30.g4 Qd5 31.Qb6 Ra2 32.Rf2 Rxf2 33.Qxf2 Qd6 34.b6 Nd5 35.Qd4 f6
36.b7 c3 37.b8=R Rxb8 38.Rxb8+ Qxb8 39.Qxd5+ Kh8 40.Qd4 Qb1+ 41.Kh2 Qb8+
42.Bf4  1-0

[Event "4th Open"]
[Site "Genova ITA"]
[Date "2000.08.10"]
[Round "5"]
[White "Malakhov,V"]
[Black "Banikas,H"]
[Result "1/2-1/2"]
[WhiteElo "2605"]
[BlackElo "2542"]

1.e4 c5 2.Nf3 d6 3.d4 Nf6 4.Nc3 cxd4 5.Nxd4 a6 6.Be2 e5 7.Nb3 Be7 8.O-O O-O
9.Kh1 b6 10.a4 Bb7 11.f3 Nc6 12.Bg5 Nb4 13.Nb1 Nh5 14.Bxe7 Qxe7 15.c3 Nc6
16.Na3 Rad8 17.Nc4 Qc7 18.Ne3 Ne7 19.c4 Nf4 20.Bd3 b5 21.cxb5 d5 22.Qc2 Qb6
23.Nxd5 Nexd5 24.exd5 Nxd3 25.Qxd3 Rxd5 26.Qc3 axb5 27.Qb4 Rc8 28.a5 Qd8
29.a6 Ba8 30.Rac1 Rxc1 31.Nxc1 Qd6 32.Qa5 g5 33.Ne2 g4 34.Qe1 gxf3 35.Qg3+ Qg6
36.Qxf3 Rd8 37.Qf2 Rd2 38.b4 Rb2 39.a7 Rxb4 40.h3 Rb2 41.Rd1 Rb1 42.Rxb1 Qxb1+
43.Kh2 Qe4 44.Ng3 Qb7 45.Nh5 f5 46.Qg3+ Kf7 47.Qg7+ Ke6 48.Qf6+ Kd5 49.Qxf5 b4
50.Nf4+ Kc5 51.Qxe5+ Kb6 52.Qd4+ Ka6 53.Qa1+ Kb6 54.Qg1+ Ka6 55.Qa1+ Kb6
56.Qd4+ Ka6 57.Kg3 Qb6 58.Qa1+ Kb5 59.Qe5+ Ka6 60.Qb8 Qb7 61.Qxb7+ Bxb7 62.Nd3 Kb5
63.Kf2 b3 64.g4 Kb6 65.Ke3 Kxa7 66.Kd2 Be4 67.Kc3  1/2-1/2